|
|
|
|
| LEADER |
00700cam a2200193 i 4500 |
| 005 |
20200601150901.0 |
| 008 |
121126s2012 enka b 001 0 eng |
| 999 |
|
|
|c 5592
|d 5592
|
| 020 |
|
|
|a 9780199657438 (pbk.)
|
| 082 |
0 |
0 |
|a 930.1
|b BAH
|
| 100 |
1 |
|
|a Bahn, Paul G.
|
| 245 |
1 |
0 |
|a Archaeology :
|b a very short introduction /
|c Paul Bahn ; with illustrations by Bill Tidy.
|
| 250 |
|
|
|a 2nd ed.
|
| 260 |
|
|
|a UK :
|b Oxford University Press,
|c 2012.
|
| 300 |
|
|
|a xviii, 118p.
|
| 650 |
|
0 |
|a Archaeology.
|
| 700 |
1 |
|
|a Tidy, Bill,
|
| 942 |
|
|
|2 ddc
|c BK
|
| 952 |
|
|
|0 0
|1 0
|2 ddc
|4 0
|6 930_100000000000000_BAH
|7 0
|9 7962
|a MAIN
|b MAIN
|d 2014-02-13
|e Mathrubhumi Books
|g 175.00
|l 5
|o 930.1 BAH
|p 8276
|r 2016-11-21
|s 2016-11-18
|t 1
|w 2014-02-13
|y BK
|